Kadra reprezentacji Niemiec - MŚ 2006 - Statystyki

Ogólne statystyki
  • Ten quiz został rozwiązany 37 razy
  • Średni wynik to 11 z 24
Statystyki odpowiedzi
Nr Zawodnik Poz % Poprawnych
11 Miroslav Klose NA
100%
20 Lukas Podolski NA
97%
16 Philipp Lahm OB
93%
12 Oliver Kahn BR
87%
1 Jens Lehmann BR
83%
13 Michael Ballack PO
83%
7 Bastian Schweinsteiger PO
77%
17 Per Mertesacker OB
60%
# Jürgen Klinsmann Trener
53%
8 Torsten Frings PO
53%
21 Christoph Metzelder OB
50%
10 Oliver Neuville NA
37%
22 David Odonkor PO
33%
18 Tim Borowski PO
33%
3 Arne Friedrich OB
27%
14 Gerald Asamoah NA
23%
5 Sebastian Kehl PO
23%
19 Bernd Schneider PO
20%
2 Marcell Jansen OB
13%
4 Robert Huth OB
13%
15 Thomas Hitzlsperger PO
13%
23 Timo Hildebrand BR
13%
6 Jens Nowotny OB
7%
9 Mike Hanke NA
7%
Nie znaleziono quizów pasujących do podanych kryteriów
Rozkład punktacji
Procent ludzi z każdym wynikiem
Percentyl według liczby udzielonych odpowiedzi
Twoja historia wyników
Nie rozwiązałeś tego quizu